MARC

LEADER 00000nam0a2200000 4500
001 278389
005 20231101235116.0
035 |a (RuTPU)RU\TPU\book\301666 
090 |a 278389 
100 |a 20141211d1985 km y0rusy5003 ca 
101 0 |a rus 
102 |a RU 
105 |a a z 001zb 
200 1 |a Владимир Васильевич Челинцев  |f В. И. Марьин 
210 |a Саратов  |c Изд-во Саратовского ун-та  |d 1985 
215 |a 160 с.  |c ил. 
320 |a Науч. тр. В. В. Челинцева, лит. о нем. : с. 132-155 
320 |a Указ. имен.: с. 157-159 
600 1 |a Челинцев  |b В. В.  |c российский химик-органик  |c ученик Н. Д. Зелинского  |f 1877-1947  |g Владимир Васильевич  |2 stltpush  |3 (RuTPU)RU\TPU\pers\28661  |9 13477 
606 1 |a Химики  |x Персоналии  |2 stltpush  |3 (RuTPU)RU\TPU\subj\69968  |9 84576 
610 1 |a химия 
610 1 |a химическая наука 
610 1 |a органическая химия 
610 1 |a история 
610 1 |a Россия 
610 1 |a 19 век 
610 1 |a 20 век 
610 1 |a биографии 
675 |a 54(092)  |v 4 
700 1 |a Марьин  |b В. И.  |g Вячеслав Иванович 
801 0 |a RU  |b RuMRKP  |c 19950704  |g psbo 
801 1 |a RU  |b 63413507  |c 20141211 
801 2 |a RU  |b 63413507  |c 20170411  |g RCR 
942 |c BK